书目信息 |
| 题名: |
路德维希·费尔巴哈和德国古典哲学的终结
|
|
| 作者: | 恩格斯 著 | |
| 分册: | ||
| 出版信息: | 北京 人民出版社 1997.08 |
|
| 页数: | 72页 | |
| 开本: | 32开 | |
| 丛书名: | ||
| 单 册: | ||
| 中图分类: | A124 | |
| 科图分类: | ||
| 主题词: | 马恩著作--单行本 | |
| 电子资源: | ||
| ISBN: | 7-01-000674-1 | |
| 000 | 00603nam0 2200193 45 | |
| 001 | 0008151656 | |
| 005 | 20120324111139.51 | |
| 010 | @a7-01-000674-1@d5.20元 | |
| 100 | @a20000815d1997 km y0chiy0120 ea | |
| 101 | 0 | @achi |
| 105 | @a z 000yy | |
| 200 | 1 | @a路德维希·费尔巴哈和德国古典哲学的终结@ALu De Wei Xi·Fei Er Ba Ha He De Guo Gu Dian Zhe XueDe Zhong Jie@f恩格斯 著@FEn Ge Si Zhu |
| 210 | @a北京@c人民出版社@d1997.08 | |
| 215 | @a72页@d32开 | |
| 606 | 0 | @a马恩著作@x单行本 |
| 690 | @aA124@v3 | |
| 701 | 0 | @a恩格斯@4著 |
| 801 | @aCN@bPftUser@c20000815 | |
| 905 | @dA124@eZH:965/1@b128478-482@f5 | |
| 路德维希·费尔巴哈和德国古典哲学的终结/恩格斯 著.-北京:人民出版社,1997.08 |
| 72页;32开 |
| ISBN 7-01-000674-1:5.20元 |
| ● |
| 相关链接 |
|
|
|
正题名:路德维希·费尔巴哈和德国古典哲学的终结
索取号:A124/ZH:965/1
 
预约/预借
| 序号 | 登录号 | 条形码 | 馆藏地/架位号 | 状态 | 备注 |
| 1 | 128478 | 201284788 | 社科库509/509社科库 1排2列2层/ [索取号:A124/ZH:965/1] | 在馆 | |
| 2 | 128479 | 201284797 | 社科库509/509社科库 1排2列2层/ [索取号:A124/ZH:965/1] | 在馆 | |
| 3 | 128480 | 201284804 | 法学院资料室/ [索取号:A124/ZH:965/1] | 在馆 | |
| 4 | 128481 | 201284813 | 社科库509/509社科库 1排2列2层/ [索取号:A124/ZH:965/1] | 在馆 | |
| 5 | 128482 | 201284822 | 社科库509/509社科库 1排2列2层/ [索取号:A124/ZH:965/1] | 在馆 |